| 000 | 00612nam a22001937a 4500 | ||
|---|---|---|---|
| 003 | OSt | ||
| 005 | 20260619111837.0 | ||
| 008 | 260619b |||||||| |||| 00| 0 eng d | ||
| 020 | _a9780865304574 | ||
| 040 | _cChuka University Library | ||
| 050 | _aLB 2805 .C66 2000 | ||
| 100 |
_aConnors Neila A. _930411 |
||
| 245 | _aIf You Don't Feed The Teachers They Eat The Student | ||
| 260 |
_aNashville,Tennessee _bIncentive Publications _c2000 |
||
| 300 |
_a143pp _bIllustrations |
||
| 650 |
_aEducational Leadership United States _927697 |
||
| 650 |
_aSchool Environment United States _928061 |
||
| 942 |
_2lcc _cBK _n0 |
||
| 999 |
_c24874 _d24874 |
||